|
|
|
|
| LEADER |
00000nam0a2200000 4500 |
| 001 |
71160 |
| 005 |
20231031082358.0 |
| 010 |
|
|
|a 594010018X
|
| 035 |
|
|
|a (RuTPU)RU\TPU\book\75762
|
| 090 |
|
|
|a 71160
|
| 100 |
|
|
|a 20041209d2004 m y0rusy50 ca
|
| 101 |
0 |
|
|a rus
|
| 102 |
|
|
|a RU
|
| 105 |
|
|
|a y j 001zy
|
| 200 |
1 |
|
|a Педагогическая психология
|e учебник для вузов
|f И. А. Зимняя
|
| 205 |
|
|
|a 2-е изд., доп. испр. и перераб.
|
| 210 |
|
|
|a Москва
|c Логос
|d 2004
|
| 215 |
|
|
|a 383 с.
|
| 225 |
1 |
|
|a Новая университетская библиотека
|
| 320 |
|
|
|a Библиогр.: с. 368-377.
|
| 320 |
|
|
|a Именной указатель: с. 378-380
|
| 610 |
1 |
|
|a психология
|
| 610 |
1 |
|
|a педагогическая психология
|
| 610 |
1 |
|
|a образование
|
| 610 |
1 |
|
|a образовательный процесс
|
| 610 |
1 |
|
|a педагоги
|
| 610 |
1 |
|
|a ученики
|
| 610 |
1 |
|
|a педагогическая деятельность
|
| 610 |
1 |
|
|a учебная деятельность
|
| 610 |
1 |
|
|a мотивации
|
| 610 |
1 |
|
|a самостоятельные работы
|
| 610 |
1 |
|
|a стиль
|
| 610 |
1 |
|
|a уроки
|
| 610 |
1 |
|
|a психологический анализ
|
| 610 |
1 |
|
|a общение
|
| 610 |
1 |
|
|a учебники
|
| 686 |
|
|
|a Ю940я73
|v LBC/SL-A
|2 rubbk
|
| 700 |
|
1 |
|a Зимняя
|b И. А.
|g Ирина Алексеевна
|
| 801 |
|
1 |
|a RU
|b 63413507
|c 20041209
|g PSBO
|
| 801 |
|
2 |
|a RU
|b 63413507
|c 20120403
|g PSBO
|
| 900 |
|
|
|a Педагогика и психология высшей школы
|
| 942 |
|
|
|c BK
|
| 952 |
|
|
|a 520000
|b 031000
|